00417nam a2200157Ia 4500003000400000008004100004040001600045082001300061100003300074245005100107260003000158300001000188490002400198650001500222650002200237GCL140319s9999 xx 000 0 eng d aGCL / cGCL04a843bM L1 aDE MANDIARGVES, ANDRE PIEYRE10aLE HIS DE MER / cDE MANDIARGVES, ANDRE PIEYRE a[S.N] : bFOLIO ، c1991 a150 P aCOLLECTION FOLIOv004aLITERATURE04aFRENCH LITERATURE